| 000 | 00696nam a2200193 i 4500 | ||
|---|---|---|---|
| 001 | 48905 | ||
| 003 | ES-MaACL | ||
| 005 | 20230906161837.0 | ||
| 007 | t| | ||
| 008 | 030702s1978 sp |||| | spa d | ||
| 100 | 1 |
_aCordón, Faustino. _940557 |
|
| 245 | 1 | 3 |
_aLa alimentación, base de la biología evolucionista _b: historia natural de la acción y experiencia / _cFaustino Cordón. |
| 260 |
_a[Madrid] : _bAlfaguara, _c[1978] |
||
| 300 |
_a1 v. (XXXIX, 664 p.) : _bil. ; _c23 cm. |
||
| 505 | 8 |
_aContiene: v. 1 ; _tOrigen, naturaleza y evolución del protoplasma |
|
| 650 | 4 |
_aProtoplasma. _9169526 |
|
| 740 | 0 | 2 | _aOrigen, naturaleza y evolución del protoplasma. |
| 852 |
_aES-MaACL _jA-8219 |
||
| 999 |
_c48905 _d48905 |
||